00780nam a22002297a 450000500170000001000150001702000270003202000240005903500130008303500170009603700130011303700170012608200150014310000250015824500710018326000460025427000630030030000410036349000700040450000500047470000260052420140508113046.0 aENG-105870 a9780198065647c4350.00 a0198065647c4350.00 aEN-89403 aB-513991-996 bDBAD/PUB bBSB/Venadpl04a912.542231 aHabib, Irfan,d1931-10aAtlas of Ancient Indian History /cby Irfan Habib [and] Faiz Habib aNew Delhi bOxford University Pressc2012 aYMCA Library Building, 1 Jai Singh RoadbNew Delhie110001 axvii, 133 p. :bcol. maps c45cm(Hb) a"This is a part of Aligarh Historians Society series"--T.p. verso aIncludes bibliographical references and index1 aHabib, Faiz,d1962- ,